[Event "13th Asian Continental w 2014"]
[Site "Sharjah UAE"]
[Date "2014.04.17"]
[Round "1.4"]
[White "Karavade, Eesha"]
[Black "Derakhshani, Dorsa"]
[Result "1/2-1/2"]
[WhiteTitle "IM"]
[BlackTitle "WFM"]
[WhiteElo "2414"]
[BlackElo "2154"]
[WhiteFideId "5012600"]
[BlackFideId "12500330"]
[EventDate "2014.04.17"]

1. Nf3 Nf6 2. c4 e6 3. g3 c5 4. Bg2 Be7 5. O-O O-O 6. Nc3 d5 7. cxd5 exd5 8. d4
b6 9. Ne5 Bb7 10. dxc5 Bxc5 11. Nd3 Na6 12. Bg5 Be7 13. Qb3 Nc7 14. Nf4 Qe8 15.
Bxf6 Bxf6 16. Ncxd5 Nxd5 17. Bxd5 Bxd5 18. Nxd5 Qxe2 19. Nxf6+ gxf6 20. Rfe1 Qh5
21. Re7 Rfe8 22. Rae1 Rxe7 23. Rxe7 Kg7 24. Kg2 a6 25. a4 Rc8 26. Rb7 Rc6 27. h3
Qg6 28. Qd5 Rc5 29. Qd4 b5 30. a5 Rc4 31. Qd7 Rc2 32. Qe8 Qh5 33. Rd7 Rxb2 34.
g4 Qg6 35. Rd8 Kh6 36. Rd6 Kg7 37. Rd8 Kh6 38. Qf8+ Qg7 39. Qa3 Re2 40. Rd6 Qg5
41. Rxa6 Qd5+ 42. Qf3 Qxf3+ 43. Kxf3 Ra2 44. Rxf6+ Kg7 45. Ra6 b4 46. Ra8 b3 47.
a6 b2 48. Rb8 Rxa6 49. Rxb2 Ra3+ 50. Kg2 Kg6 51. Rb5 f6 52. f3 Ra1 53. h4 Ra4
54. Kg3 h6 55. h5+ Kg7 56. Rb7+ Kg8 57. Re7 Rb4 58. Re4 Rb5 59. Kf4 Kf7 60. Rc4
Ra5 61. Rc7+ Kg8 62. Ke4 Rg5 63. Kd4 Re5 64. f4 Re1 65. Kd5 Rg1 66. Ke6 Rxg4 67.
f5 Rg5 68. Kxf6 Rxh5 69. Rc8+ Kh7 70. Ke6 Rh1 71. f6 Re1+ 72. Kf7 h5 73. Kf8 h4
74. f7 Kg6 75. Rc6+ Kg5 76. Kg7 Re7 77. Rc1 h3 78. Kg8 Rxf7 79. Kxf7 Kg4 80. Kf6
h2 1/2-1/2

[Event "13th Asian Continental w 2014"]
[Site "Sharjah UAE"]
[Date "2014.04.20"]
[Round "4.5"]
[White "Tan, Zhongyi"]
[Black "Hoang, Thi Bao Tram"]
[Result "0-1"]
[WhiteTitle "WGM"]
[BlackTitle "WGM"]
[WhiteElo "2488"]
[BlackElo "2280"]
[WhiteFideId "8603642"]
[BlackFideId "12401102"]
[EventDate "2014.04.17"]

1. Nf3 d5 2. g3 c6 3. Bg2 Nf6 4. O-O Bg4 5. d3 Nbd7 6. Qe1 e6 7. e4 dxe4 8. dxe4
Be7 9. b3 Nc5 10. Bb2 O-O 11. Nbd2 Bh5 12. h3 Nfd7 13. a4 Qc7 14. Nc4 Rad8 15.
a5 Rfe8 16. Qe3 Bf8 17. Rad1 b5 18. axb6 axb6 19. e5 Nb7 20. Qc3 Nb8 21. g4 Bg6
22. Nh4 b5 23. Nxg6 hxg6 24. Nd2 Nc5 25. Qe3 Nba6 26. Bd4 Nd7 27. Qe4 Nb4 28. c3
Nd5 29. c4 bxc4 30. bxc4 Nb4 31. Nf3 c5 32. Bc3 Nb6 33. h4 Rxd1 34. Rxd1 Rd8 35.
Ra1 Qd7 36. Bf1 Qc6 37. Qxc6 Nxc6 38. Ra6 Rb8 39. Kg2 Be7 40. Bd2 Rb7 41. Be3
Nb4 42. Ra5 Rc7 43. Kg3 Nc2 44. Bd2 Nd4 45. Ra6 Nxf3 46. Kxf3 Nd7 47. Kg3 Rb7
48. Bf4 Rb3+ 49. f3 Bxh4+ 50. Kg2 g5 51. Bh2 Rb2+ 52. Kh1 Rf2 53. Ra8+ Nf8 54.
Bg2 Rc2 55. Bg1 Rxc4 56. Rc8 Rc1 57. Kh2 Bg3+ 58. Kxg3 Rxg1 59. Rxc5 Ng6 60. Kf2
Ra1 61. Bf1 Nf4 62. Rb5 Ra2+ 63. Kg3 Rd2 64. Rc5 Rd5 65. Rxd5 exd5 66. Ba6 Kf8
67. Kf2 d4 68. Bc8 Nd3+ 69. Kg3 Nxe5 70. Bf5 d3 71. Kf2 Ke7 72. Ke3 Kd6 73. Bc8
Kc5 74. Ba6 f6 75. Ke4 g6 76. Ke3 Kd5 77. Bb5 Kd6 78. Ba6 Kc5 79. Ke4 d2 80. Be2
Kb4 81. Kd5 Kc3 82. Ke6 Kd4 83. Kxf6 Ke3 84. Bd1 Kf4 0-1

[Event "13th Asian Continental w 2014"]
[Site "Sharjah UAE"]
[Date "2014.04.20"]
[Round "4.12"]
[White "Al Najar, Huda"]
[Black "Khan, Nazrana"]
[Result "1/2-1/2"]
[BlackTitle "WFM"]
[WhiteElo "1845"]
[BlackElo "2027"]
[WhiteFideId "7601433"]
[BlackFideId "10201734"]
[EventDate "2014.04.17"]

1. e4 c5 2. Nf3 e6 3. c3 d5 4. exd5 Qxd5 5. Na3 Qd8 6. d4 cxd4 7. cxd4 Nf6 8.
Bd3 Be7 9. O-O O-O 10. Nc2 Nbd7 11. Ne5 Nb6 12. Bg5 Nbd5 13. a3 Bd7 14. Qf3 Rc8
15. Rac1 Bc6 16. Nxc6 Rxc6 17. Ne3 Rxc1 18. Rxc1 Qb6 19. Nc4 Qxd4 20. b4 Qg4 21.
Qxg4 Nxg4 22. Bxe7 Nxe7 23. h3 Nf6 24. Na5 Rd8 25. Bb5 b6 26. Nc6 Nxc6 27. Bxc6
Kf8 28. b5 Ke7 29. Bf3 Nd5 30. Rc4 Rd7 31. Ra4 Rc7 32. Rd4 Kd6 33. Rd2 Rc1+ 34.
Kh2 Rc3 35. Ra2 Kc5 36. a4 Kb4 37. Bd1 Rc1 38. Bf3 Kb3 39. Rd2 Kxa4 40. Bxd5
exd5 41. Rxd5 Rc7 42. g4 Ka5 43. Kg3 a6 44. bxa6+ Kxa6 45. h4 h6 46. h5 b5 47.
f4 f6 48. g5 fxg5 49. fxg5 hxg5 50. Rxg5 Ka5 51. Kf3 Re7 52. Rg1 b4 53. Ra1+ Kb5
54. Rb1 Kc4 55. Rc1+ Kb3 56. Rc8 Kb2 57. Kf4 b3 58. Kg5 Kb1 59. Kg6 b2 60. Rg8
Kc2 61. Rc8+ Kd3 62. Rb8 Kc3 63. Rc8+ Kb3 64. Rb8+ Ka2 65. Ra8+ Kb1 66. Rg8 Rc7
67. Rxg7 Rxg7+ 68. Kxg7 Ka2 69. h6 b1=Q 70. h7 Qb2+ 71. Kg8 Qb3+ 72. Kg7 Qg3+
73. Kh8 Qe5+ 74. Kg8 Qe6+ 75. Kg7 Qe7+ 76. Kg8 Qg5+ 77. Kh8 Qh6 78. Kg8 Qg6+ 79.
Kh8 Qe6 80. Kg7 Qe7+ 81. Kg8 Qg5+ 82. Kh8 1/2-1/2

[Event "13th Asian Continental w 2014"]
[Site "Sharjah UAE"]
[Date "2014.04.25"]
[Round "9.3"]
[White "Khademalsharieh, Sarasadat"]
[Black "Hoang, Thi Bao Tram"]
[Result "0-1"]
[WhiteTitle "WGM"]
[BlackTitle "WGM"]
[WhiteElo "2292"]
[BlackElo "2280"]
[WhiteFideId "12512214"]
[BlackFideId "12401102"]
[EventDate "2014.04.17"]

1. d4 d5 2. c4 c6 3. Nc3 Nf6 4. cxd5 cxd5 5. Bf4 Nc6 6. e3 a6 7. Bd3 Bg4 8. Nge2
e6 9. Rc1 Be7 10. O-O O-O 11. Na4 Nd7 12. Bg3 Bh5 13. a3 Rc8 14. b4 b5 15. Nc5
Bxc5 16. bxc5 e5 17. Bf5 exd4 18. exd4 g6 19. Bxd7 Bxe2 20. Qxe2 Qxd7 21. Qd3
Rfe8 22. f3 Re6 23. Bf2 Rce8 24. Qc3 a5 25. Rc2 b4 26. axb4 axb4 27. Qd3 Ra8 28.
Rb2 Ra3 29. Qb5 Qa7 30. Rbb1 Qa8 31. Rfe1 Qa6 32. Qxa6 Rxa6 33. Kf1 Ra2 34. Rxe6
fxe6 35. Be1 Rc2 36. Bxb4 Nxd4 37. Ba3 Nf5 38. Rc1 Ne3+ 39. Kg1 Kf7 40. Rxc2
Nxc2 41. c6 Ke8 42. Bc5 Kd8 43. Bb6+ Kc8 44. Kf2 Na3 45. f4 Nc4 46. Bd4 Kc7 47.
Ke2 Kxc6 48. Bg7 Nd6 49. Kd3 Nf5 50. Bf6 h5 51. g3 Kc5 52. Be5 Ne7 53. Bg7 Nc6
54. Bf8+ Kb6 55. h3 Kc7 56. g4 Kd7 57. Bg7 Ke7 58. Bb2 Kf7 59. Bc3 Ke7 60. Bb2
hxg4 61. hxg4 e5 62. Ke3 Ke6 63. Bc1 e4 64. Bd2 g5 65. Bc3 gxf4+ 66. Kxf4 Ne7
67. Bd4 Ng6+ 68. Kg5 Ne5 69. Kf4 Nd3+ 70. Ke3 Kd6 71. Bc3 Ne5 72. Kf4 Nd3+ 73.
Ke3 Ke6 74. Bd4 Ne1 75. Bc3 Ng2+ 76. Kf2 Nh4 77. Ke3 Ng6 78. Kd4 Ne5 79. Ke3
Nxg4+ 80. Kf4 Nf6 81. Bd4 Ne8 82. Bc3 Nd6 83. Bd4 Nf5 84. Bc5 Ne7 85. Bd4 Nc6
86. Bc3 Kd6 87. Ke3 Kc5 88. Bg7 Kc4 89. Bf6 Nb4 90. Bg7 Nc2+ 91. Kd2 Nd4 92. Bf6
Nf5 93. Ke2 d4 0-1

[Event "13th Asian Continental w 2014"]
[Site "Sharjah UAE"]
[Date "2014.04.25"]
[Round "9.8"]
[White "Swathi, Ghate"]
[Black "Nguyen, Thi Thanh An"]
[Result "0-1"]
[WhiteTitle "WGM"]
[BlackTitle "WGM"]
[WhiteElo "2269"]
[BlackElo "2237"]
[WhiteFideId "5003474"]
[BlackFideId "12400300"]
[EventDate "2014.04.17"]

1. e4 c5 2. Nf3 d6 3. Bb5+ Nd7 4. O-O a6 5. Bd3 Ngf6 6. Re1 g6 7. c3 Bg7 8. Bc2
O-O 9. d4 e5 10. a4 Qc7 11. h3 b6 12. Na3 cxd4 13. cxd4 Bb7 14. d5 Rac8 15. a5
b5 16. Bd2 Ne8 17. Rc1 Qd8 18. Bb1 h6 19. Rxc8 Bxc8 20. Qc1 Bb7 21. b4 Kh7 22.
Nc2 Ndf6 23. Ne3 Qd7 24. Kh2 Ng8 25. Qd1 Ne7 26. Nh4 Bf6 27. Nf3 Bg7 28. Nh4 Bf6
29. Nf3 Bg7 30. g4 Nf6 31. Rg1 Kg8 32. Nh4 Nh7 33. Nhf5 gxf5 34. gxf5 Kh8 35.
Qh5 Ng8 36. Ng2 Ngf6 37. Qh4 Qd8 38. Ne1 Rg8 39. Bxh6 Bxh6 40. Qxh6 Rxg1 41.
Kxg1 Qg8+ 42. Kh2 Qg5 43. Qxg5 Nxg5 44. f3 Nh5 45. h4 Nh7 46. Ng2 N7f6 47. Ne3
Kg7 48. Bd3 Nf4 49. Bf1 Kf8 50. Kg3 Ke7 51. Nc2 Kd7 52. Ne3 Kc7 53. Nc2 Bc8 54.
Ne3 Bd7 55. Kf2 Kd8 56. Nc2 Ke7 57. Ne3 Ne8 58. Kg3 Kf6 59. Ng4+ Kg7 60. Ne3 Nc7
61. Nc2 f6 62. Ne3 Be8 63. Nc2 Bf7 64. Ne3 Bxd5 65. exd5 Ncxd5 66. Nc2 Ne7 67.
Kf2 Nc6 68. Be2 Nd5 69. f4 Ndxb4 70. Nxb4 Nxb4 71. fxe5 dxe5 72. Bf3 Nd3+ 73.
Ke3 Nc5 74. Bd5 Kh6 75. Kd2 b4 76. Bf7 Nb7 77. Bc4 Nxa5 78. Bxa6 Kh5 79. Bc8
Kxh4 80. Be6 Kg3 81. Ke3 b3 82. Ke4 Kg4 83. Kd3 Kf4 84. Kc3 e4 85. Kb4 e3 0-1